[Event "DVM U12 2013"]
[Site "Lichtenfels-Schney GER"]
[Date "2013.12.27"]
[Round "1"]
[White "Garbuz, Vitaliy"]
[Black "Biastoch, Bennet"]
[Result "0-1"]
[Termination "normal"]
[Board "1.1"]
[WhiteElo "1555"]
[BlackElo "1713"]
[WhiteTeam "SF Dortmund-Brackel 1930"]
[BlackTeam "SG Aufbau Elbe Magdeburg"]
[WhiteFideId "12990710"]
[BlackFideId "12939889"]
[EventCountry "GER"]
[EventRounds "7"]
[EventType "team-swiss"]
[EventDate "2013.12.26"]

1. e4 c5 2. c4 Nc6 3. Ne2 e5 4. g3 d6 5. Bg2 Be7 6. O-O f5 7. exf5 Bxf5 8. f4
e4 9. Nec3 Nf6 10. Re1 O-O 11. Nxe4 Nxe4 12. Bxe4 Bxe4 13. Rxe4 Bf6 14. Nc3
Bd4+ 15. Kh1 Re8 16. d3 Rxe4 17. dxe4 Qe7 18. Qf3 Re8 19. Bd2 Bxc3 20. Bxc3
Qxe4 21. Qxe4 Rxe4 22. b3 g6 23. Rd1 Re6 24. Rd2 Re3 25. Bf6 Re6 26. Bc3 Kf7
27. Kg2 Re3 28. Rc2 Rd3 29. Kf2 Nd4 30. Bxd4 Rxd4 31. Ke3 Kf6 32. h3 Rd1 33.
Rd2 Rh1 34. Rxd6+ Ke7 35. Rd5 Rxh3 36. Rxc5 Rxg3+ 37. Kf2 Rd3 38. Rc7+ Rd7 39.
Rxd7+ Kxd7 40. Kg3 Ke6 41. Kg4 h6 42. b4 b6 43. Kf3 a6 44. Kg4 Kd6 45. f5 gxf5+
46. Kxf5 h5 47. Kg5 Ke5 48. Kxh5 Kd4 49. c5 bxc5 50. bxc5 Kxc5 51. Kg4 Kb4 52.
Kf3 Ka3 53. Ke3 Kxa2 54. Kd4 Kb3 0-1

[Event "DVM U12 2013"]
[Site "Lichtenfels-Schney GER"]
[Date "2013.12.27"]
[Round "1"]
[White "Roseneck, Jonas"]
[Black "Kartsev, Nikolaj"]
[Result "1-0"]
[Termination "normal"]
[Board "1.2"]
[WhiteElo "1744"]
[BlackElo "1581"]
[WhiteTeam "SG Aufbau Elbe Magdeburg"]
[BlackTeam "SF Dortmund-Brackel 1930"]
[WhiteFideId "12939870"]
[BlackFideId "12939536"]
[EventCountry "GER"]
[EventRounds "7"]
[EventType "team-swiss"]
[EventDate "2013.12.26"]

1. e4 c5 2. Nf3 d6 3. d4 cxd4 4. Nxd4 Nf6 5. Nc3 Nc6 6. Be3 e5 7. Nb3 Be6 8. f3
Be7 9. Qd2 Qd7 10. O-O-O O-O-O 11. Nd5 Kb8 12. Bb5 a6 13. Bxc6 bxc6 14. Qb4+
Qb7 15. Qxb7+ Kxb7 16. Nxe7 Bxb3 17. axb3 g6 18. Bg5 Nh5 19. g4 Nf4 20. h4 h6
21. Bf6 Rhe8 22. h5 g5 23. Nf5 Rd7 24. Nxd6+ Rxd6 25. Rxd6 Kc7 26. Rhd1 Ne2+
27. Kb1 Nd4 28. Bxe5 Rxe5 29. R1xd4 c5 30. Rd7+ Kc6 31. R4d6+ 1-0

[Event "DVM U12 2013"]
[Site "Lichtenfels-Schney GER"]
[Date "2013.12.27"]
[Round "1"]
[White "Salem Elier, Ali"]
[Black "Niemann, Alexander"]
[Result "0-1"]
[Termination "normal"]
[Board "1.3"]
[WhiteElo "1206"]
[BlackElo "1637"]
[WhiteTeam "SF Dortmund-Brackel 1930"]
[BlackTeam "SG Aufbau Elbe Magdeburg"]
[WhiteFideId "16217543"]
[BlackFideId "12939862"]
[EventCountry "GER"]
[EventRounds "7"]
[EventType "team-swiss"]
[EventDate "2013.12.26"]

1. e4 c5 2. d4 cxd4 3. c3 d3 4. Bxd3 Nc6 5. Nf3 g6 6. Bf4 Bg7 7. Bc4 Nf6 8.
Nbd2 d6 9. Qc2 O-O 10. O-O-O Be6 11. h3 Rc8 12. e5 Bf5 13. Qa4 Nd7 14. g4 Nc5
15. Qa3 Bd3 16. b4 Bxc4 17. Nxc4 Ne4 18. Qb2 b5 19. Na3 Nxc3 0-1

[Event "DVM U12 2013"]
[Site "Lichtenfels-Schney GER"]
[Date "2013.12.27"]
[Round "1"]
[White "Cejda, Cecilia"]
[Black "Riede, Niklas"]
[Result "1/2-1/2"]
[Termination "normal"]
[Board "1.4"]
[WhiteElo "1552"]
[BlackElo "1081"]
[WhiteTeam "SG Aufbau Elbe Magdeburg"]
[BlackTeam "SF Dortmund-Brackel 1930"]
[WhiteFideId "12921122"]
[EventCountry "GER"]
[EventRounds "7"]
[EventType "team-swiss"]
[EventDate "2013.12.26"]

1. e4 e5 2. Nf3 Nc6 3. d4 exd4 4. Nxd4 Nf6 5. Nxc6 bxc6 6. Nc3 Bb4 7. Bd3 O-O
8. Bg5 d5 9. exd5 cxd5 10. O-O Re8 11. Qf3 c6 12. Ne2 Bd6 13. Ng3 Bxg3 14. Qxg3
Kh8 15. Rfe1 Bd7 16. Re3 Rxe3 17. fxe3 h6 18. Qh4 Kg8 19. Bxf6 Qxf6 20. Qxf6
gxf6 21. Rf1 Kg7 22. c4 Be6 23. cxd5 Bxd5 24. a3 a5 25. Rc1 Rb8 26. Rc2 Rb3 27.
Rd2 Be6 28. Kf2 f5 29. e4 fxe4 30. Bxe4 c5 31. Bc6 Rb6 32. Ba4 Bb3 33. Bxb3
Rxb3 34. Ke1 f5 35. Kd1 Kg6 36. Kc2 Re3 37. Rd3 Re2+ 38. Rd2 Rxd2+ 39. Kxd2 f4
40. Kd3 h5 41. Kc4 Kg5 42. Kxc5 Kg4 43. b4 h4 44. bxa5 h3 45. gxh3+ Kxh3 46. a6
f3 47. a7 f2 48. a8=Q f1=Q 49. Qh8+ Kg2 50. Qb2+ Kg1 51. Qd4+ Kxh2 52. a4 Qf5+
53. Qd5 Qc2+ 54. Qc4 Qf5+ 55. Kb4 Qb1+ 56. Qb3 Qe4+ 57. Ka3 Qe7+ 58. Ka2 Kg1
59. Qb6+ Kg2 60. a5 Qf7+ 61. Qb3 Qa7 62. Qb2+ Kg3 63. Qb3+ Kg2 64. Qb4 Qf7+ 65.
Ka3 Qf3+ 66. Ka4 Qd1+ 67. Qb3 Qd4+ 68. Qb4 Qd1+ 69. Ka3 Qd3+ 70. Qb3 Qd6+ 71.
Ka4 Kh1 72. Qb7+ Kh2 73. a6 Qe6 74. Ka3 Qd6+ 75. Ka4 Qd4+ 76. Qb4 Qd7+ 77. Qb5
Qd4+ 78. Ka5 Qd8+ 79. Qb6 Qd5+ 80. Ka4 Qe4+ 81. Kb5 Qd5+ 82. Qc5 Qd7+ 83. Kb6
Qe6+ 84. Qc6 Qb3+ 85. Kc7 Qf7+ 86. Qd7 {Ab hier Notation nicht nachvollziehbar!
} 1/2-1/2

[Event "DVM U12 2013"]
[Site "Lichtenfels-Schney GER"]
[Date "2013.12.27"]
[Round "1"]
[White "Engel, Luis"]
[Black "Freiherr von Hauff, Christopher"]
[Result "1-0"]
[Termination "normal"]
[Board "2.1"]
[WhiteElo "1852"]
[BlackElo "1388"]
[WhiteTeam "Hamburger SK"]
[BlackTeam "SK Bebenhausen"]
[WhiteFideId "12961523"]
[BlackFideId "16200691"]
[EventCountry "GER"]
[EventRounds "7"]
[EventType "team-swiss"]
[EventDate "2013.12.26"]

1. e4 c5 2. Nf3 Nc6 3. d4 cxd4 4. Nxd4 g6 5. c4 Nf6 6. Nc3 d6 7. Be3 Ng4 8. Nc2
Nxe3 9. Nxe3 Bg7 10. Qd2 O-O 11. Be2 Bd7 12. O-O Rc8 13. Rac1 a6 14. Rfd1 Qc7
15. Kh1 f5 16. c5 Be5 17. Ncd5 Qd8 18. Nb6 Rc7 19. Ned5 fxe4 20. Nxe7+ Qxe7 21.
Nxd7 Qxd7 22. cxd6 {Nicht weiter rekonstruierbar} 1-0

[Event "DVM U12 2013"]
[Site "Lichtenfels-Schney GER"]
[Date "2013.12.27"]
[Round "1"]
[White "De Rentiis, Davide Luca"]
[Black "Holinka, Henning"]
[Result "0-1"]
[Termination "normal"]
[Board "2.2"]
[WhiteElo "1073"]
[BlackElo "1583"]
[WhiteTeam "SK Bebenhausen"]
[BlackTeam "Hamburger SK"]
[WhiteFideId "12967050"]
[BlackFideId "12967084"]
[EventCountry "GER"]
[EventRounds "7"]
[EventType "team-swiss"]
[EventDate "2013.12.26"]

1. e4 e5 2. Nf3 Nc6 3. Bc4 Bc5 4. d3 h6 5. Be3 d6 6. h3 Nf6 7. O-O O-O 8. Nbd2
a6 9. Bxc5 dxc5 10. a3 Re8 11. c3 b5 12. Ba2 Qxd3 13. Re1 Qd6 14. b4 c4 15. Qe2
Bb7 16. Rad1 Qe6 17. a4 Ne7 18. Nh4 g5 19. Nf5 Nxf5 20. exf5 Qc6 21. f3 Rad8
22. Ne4 Nxe4 23. Rxd8 Rxd8 24. Qxe4 Qxe4 25. fxe4 Rd2 26. Bb1 bxa4 27. Kf1 a3
28. Re2 Rd1+ 29. Re1 Rxe1+ 30. Kxe1 Bxe4 31. Ba2 Bxf5 32. Bxc4 Be6 33. Bxe6
fxe6 34. h4 gxh4 35. g3 hxg3 36. b5 a2 37. b6 a1=Q+ 38. Ke2 Qb2+ 39. Ke3 Qxb6+
40. Kf3 Qf2+ 41. Kg4 g2 42. c4 g1=Q+ 43. Kh5 Qfh2# 0-1

[Event "DVM U12 2013"]
[Site "Lichtenfels-Schney GER"]
[Date "2013.12.27"]
[Round "1"]
[White "Kowalski, Ben Wito"]
[Black "Nguyen, Anh Van"]
[Result "0-1"]
[Termination "normal"]
[Board "3.1"]
[WhiteElo "1721"]
[BlackElo "1610"]
[WhiteTeam "Stader SV"]
[BlackTeam "USV Potsdam"]
[WhiteFideId "12956171"]
[BlackFideId "12908223"]
[EventCountry "GER"]
[EventRounds "7"]
[EventType "team-swiss"]
[EventDate "2013.12.26"]

1. f4 d5 2. Nf3 Nf6 3. g3 e6 4. Bg2 Bc5 5. c3 Nbd7 6. b4 Bb6 7. Na3 Ne4 8. e3
c5 9. Nc2 O-O 10. O-O Ndf6 11. Ne5 Bd7 12. g4 Bb5 13. Rf3 Nd7 14. Nxd7 Qxd7 15.
Rh3 Bd3 16. Ne1 Qb5 17. Nxd3 Qxd3 18. g5 Nxc3 19. Qg4 Ne4 20. Qh5 Nd6 21. e4
Qd4+ 22. Kh1 h6 23. gxh6 Qxa1 24. Rc3 Ne8 25. f5 cxb4 26. hxg7 Nxg7 27. Qg5
bxc3 28. f6 Qxc1+ 29. Bf1 Qxf1+ 30. Qg1 Qxg1# 0-1

[Event "DVM U12 2013"]
[Site "Lichtenfels-Schney GER"]
[Date "2013.12.27"]
[Round "1"]
[White "Shevelko, Alexander"]
[Black "Hammann, Moritz"]
[Result "1/2-1/2"]
[Termination "normal"]
[Board "3.2"]
[WhiteElo "1556"]
[BlackElo "1321"]
[WhiteTeam "USV Potsdam"]
[BlackTeam "Stader SV"]
[WhiteFideId "12952125"]
[BlackFideId "12982040"]
[EventCountry "GER"]
[EventRounds "7"]
[EventType "team-swiss"]
[EventDate "2013.12.26"]

1. d4 d5 2. Nf3 Nf6 3. g3 Nc6 4. Bg2 Bf5 5. O-O e6 6. c4 Be7 7. Bg5 O-O 8. e3
Nb4 9. Ne1 h6 10. Bxf6 Bxf6 11. a3 Na6 12. Nc3 c6 13. Rc1 Qb6 14. Na4 Qd8 15.
c5 Re8 16. b4 Nc7 17. Nc3 e5 18. Nf3 e4 19. Nd2 Qd7 20. Re1 Bh3 21. a4 a6 22.
Bxh3 Qxh3 23. b5 Ne6 24. Ne2 Ng5 25. bxc6 bxc6 26. Rb1 Rab8 27. Qc2 Qf5 28. Nf4
Nh3+ 29. Nxh3 Qxh3 30. Rb6 Rec8 31. Rxa6 Ra8 32. Rxa8 Rxa8 33. Rb1 Bd8 34. Qb3
Qe6 35. Rb2 h5 36. Nb1 h4 37. Na3 Qg4 38. Rb1 1/2-1/2

[Event "DVM U12 2013"]
[Site "Lichtenfels-Schney GER"]
[Date "2013.12.27"]
[Round "1"]
[White "Bargsten, Justus"]
[Black "Röhr, Tobias"]
[Result "0-1"]
[Termination "normal"]
[Board "3.3"]
[WhiteElo "1297"]
[BlackElo "1552"]
[WhiteTeam "Stader SV"]
[BlackTeam "USV Potsdam"]
[WhiteFideId "12974188"]
[BlackFideId "12963089"]
[EventCountry "GER"]
[EventRounds "7"]
[EventType "team-swiss"]
[EventDate "2013.12.26"]

1. e4 e5 2. Nf3 Nc6 3. Bc4 Bc5 4. c3 Nf6 5. d4 exd4 6. cxd4 Bb4+ 7. Bd2 Nxe4 8.
Bxb4 Nxb4 9. Qb3 d5 10. Bb5+ Nc6 11. Ne5 O-O 12. Nxc6 bxc6 13. Bxc6 Qf6 14. Qc2
Rb8 15. Bxd5 Qxd4 16. Bxe4 Rxb2 17. Qd3 Qxf2+ 18. Kd1 Bg4+ 19. Bf3 Qxg2 20. Rf1
Bf5 21. Bxg2 Bxd3 22. Kc1 Rxg2 23. Rd1 Rc2# 0-1

[Event "DVM U12 2013"]
[Site "Lichtenfels-Schney GER"]
[Date "2013.12.27"]
[Round "1"]
[White "Hausdorf, Lars"]
[Black "Hatko, Julian"]
[Result "1-0"]
[Termination "normal"]
[Board "3.4"]
[WhiteElo "1344"]
[BlackElo "961"]
[WhiteTeam "USV Potsdam"]
[BlackTeam "Stader SV"]
[WhiteFideId "16200390"]
[BlackFideId "16210280"]
[EventCountry "GER"]
[EventRounds "7"]
[EventType "team-swiss"]
[EventDate "2013.12.26"]

1. d4 d5 2. Nf3 Nc6 3. c4 Nf6 4. Nc3 Bf5 5. e3 e6 6. Be2 Bd6 7. O-O Qe7 8. c5
Bxc5 9. dxc5 Qxc5 10. Nd4 Nxd4 11. Qxd4 Qe7 12. f3 c5 13. Qa4+ Nd7 14. Bb5 a6
15. Bxd7+ Qxd7 16. Qxd7+ Kxd7 17. e4 Bg6 18. exd5 exd5 19. Nxd5 Kc6 20. Ne7+
Kb6 21. Nxg6 hxg6 22. Be3 Rae8 23. Rfe1 Kb5 24. Bf2 Rxe1+ 25. Rxe1 a5 26. Re7
b6 27. Rxf7 Rd8 28. Be1 Rd1 29. Kf2 Ra1 30. a3 Ra2 31. Bc3 Kc4 32. Rxg7 b5 33.
Kg3 b4 34. axb4 axb4 35. Bf6 Kb3 36. Rxg6 c4 37. h4 Rxb2 38. Bxb2 Kxb2 39. h5
c3 40. h6 c2 41. Rc6 c1=Q 42. Rxc1 Kxc1 43. h7 b3 44. h8=Q b2 45. Qxb2+ Kxb2
46. f4 Kc3 47. Kg4 Kd4 48. Kf5 Kd5 49. Kf6 Kd6 50. f5 Kd7 51. Kf7 Kd8 52. f6
Kd7 53. Kg8 Ke8 54. f7+ Ke7 55. f8=Q+ Ke6 56. Qf7+ Ke5 57. Qc4 Kd6 58. Qb5 Ke7
59. Qa6 Kd8 60. Qb7 Ke8 61. Kg7 Kd8 62. Kf6 Ke8 63. Qe7# 1-0

[Event "DVM U12 2013"]
[Site "Lichtenfels-Schney GER"]
[Date "2013.12.27"]
[Round "1"]
[White "Hofmann, Rares"]
[Black "Dalchow, Jonas"]
[Result "1/2-1/2"]
[Termination "normal"]
[Board "4.1"]
[WhiteElo "1789"]
[BlackElo "1443"]
[WhiteTeam "TuS Coswig 1920"]
[BlackTeam "SC 1997 Lambsheim"]
[WhiteFideId "12976440"]
[BlackFideId "12971251"]
[EventCountry "GER"]
[EventRounds "7"]
[EventType "team-swiss"]
[EventDate "2013.12.26"]

1. e4 e5 2. Nf3 Nc6 3. Nc3 Nf6 4. d4 exd4 5. Nxd4 Bb4 6. Nxc6 bxc6 7. Bd3 d6 8.
Bg5 O-O 9. O-O Bxc3 10. bxc3 Be6 11. f4 Bg4 12. Bxf6 Bxd1 13. Bxd8 Bxc2 14.
Bxc2 Rfxd8 15. Rab1 Rab8 16. Rxb8 Rxb8 17. Rb1 Rb6 18. Kf2 Kf8 19. Ke3 Ke7 20.
Rxb6 cxb6 21. Kd4 h6 22. c4 f6 23. Ba4 Kd7 24. f5 a6 25. Bb3 Ke7 26. Ke3 b5 27.
cxb5 axb5 28. Kd4 Kd7 29. a4 bxa4 30. Bxa4 Kc7 31. Kc4 Kb7 32. Kb4 Kb6 33. g4
Kc7 34. Ka5 d5 35. Kb4 Kd6 36. Kc3 Ke5 37. Bxc6 dxe4 38. Be8 Kf4 39. Kd4 e3 40.
Bb5 Kxg4 41. Ke4 Kh3 42. Kxe3 Kxh2 43. Be8 Kg3 44. Bg6 Kg4 45. Ke4 h5 46. Ke3
h4 47. Kf2 h3 48. Bh7 Kf4 49. Kg1 Kg3 50. Bg6 h2+ 51. Kh1 Kh3 52. Bh5 Kg3 53.
Be2 Kh3 54. Bf1+ Kg3 55. Bg2 Kf4 56. Bh3 Kg3 1/2-1/2

[Event "DVM U12 2013"]
[Site "Lichtenfels-Schney GER"]
[Date "2013.12.27"]
[Round "1"]
[White "Wacker, Andreas"]
[Black "Kunath, Tim"]
[Result "1/2-1/2"]
[Termination "normal"]
[Board "4.2"]
[WhiteElo "1495"]
[BlackElo "1552"]
[WhiteTeam "SC 1997 Lambsheim"]
[BlackTeam "TuS Coswig 1920"]
[WhiteFideId "12953083"]
[BlackFideId "12985074"]
[EventCountry "GER"]
[EventRounds "7"]
[EventType "team-swiss"]
[EventDate "2013.12.26"]

1. e4 d5 2. exd5 Qxd5 3. Nc3 Qa5 4. Nf3 c6 5. d4 Nf6 6. Bd2 Bf5 7. Ne4 Qc7 8.
Nxf6+ gxf6 9. Bc4 e6 10. Be3 Rg8 11. g3 Nd7 12. Qd2 Be4 13. Be2 Nb6 14. Rg1 Nd5
15. a3 Qb6 16. O-O-O O-O-O 17. Ne1 Nxe3 18. Qxe3 Bg6 19. Nf3 c5 20. Qc3 Qc7 21.
Rgf1 cxd4 22. Qxc7+ Kxc7 23. Rxd4 Rxd4 24. Nxd4 a6 25. Nb3 Bd6 26. Rd1 Be4 27.
Bd3 Bf3 28. Re1 h5 29. h4 f5 30. Nd2 Bd5 31. Bc4 Bxc4 32. Nxc4 Bc5 33. Re2 f4
34. Re5 Bd6 35. Rxh5 fxg3 36. fxg3 Bxg3 1/2-1/2

[Event "DVM U12 2013"]
[Site "Lichtenfels-Schney GER"]
[Date "2013.12.27"]
[Round "1"]
[White "Lehne, Arwin Hugo"]
[Black "Mühlpfordt, Thomas"]
[Result "1/2-1/2"]
[Termination "normal"]
[Board "4.3"]
[WhiteElo "1336"]
[BlackElo "1120"]
[WhiteTeam "TuS Coswig 1920"]
[BlackTeam "SC 1997 Lambsheim"]
[WhiteFideId "12985090"]
[BlackFideId "12986623"]
[EventCountry "GER"]
[EventRounds "7"]
[EventType "team-swiss"]
[EventDate "2013.12.26"]

1. c4 e5 2. Nc3 Nf6 3. g3 Bc5 4. Bg2 Nc6 5. d3 d6 6. Nf3 Be6 7. Bg5 h6 8. Bxf6
gxf6 9. Ne4 Bb6 10. O-O f5 11. Nc3 Rg8 12. Qd2 f4 13. Ne4 f5 14. Nc3 Qf6 15. a3
Qg7 16. e3 fxg3 17. hxg3 O-O-O 18. Kh2 Rdf8 19. Bh3 Nd8 20. Rg1 Qf7 21. Rg2 f4
22. Bxe6+ Nxe6 23. Nh4 fxg3+ 24. fxg3 Ng5 25. Nd5 c6 26. Nxb6+ axb6 27. Qe2 Qe6
28. Rh1 Rg7 29. Rf1 Rxf1 30. Qxf1 Rf7 1/2-1/2

[Event "DVM U12 2013"]
[Site "Lichtenfels-Schney GER"]
[Date "2013.12.27"]
[Round "1"]
[White "Mantel, Ruben"]
[Black "Petersen, Marcel"]
[Result "1/2-1/2"]
[Termination "normal"]
[Board "5.1"]
[WhiteElo "1645"]
[BlackElo "1581"]
[WhiteTeam "Spvg Zabo-Eintracht Nürnberg"]
[BlackTeam "Treptower SV 1949"]
[WhiteFideId "12930121"]
[BlackFideId "12935670"]
[EventCountry "GER"]
[EventRounds "7"]
[EventType "team-swiss"]
[EventDate "2013.12.26"]

1. d4 d5 2. Nf3 e6 3. Bf4 Bd6 4. Bg3 f5 5. e3 Nf6 6. Nbd2 O-O 7. Bd3 Ne4 8.
Bxd6 Qxd6 9. Qe2 Nd7 10. h3 c5 11. c3 c4 12. Bc2 b5 13. g4 b4 14. gxf5 exf5 15.
Nxe4 fxe4 16. Nh4 Qf6 17. Ng2 bxc3 18. bxc3 Rb8 19. Nf4 Bb7 20. Rg1 Rf7 21. f3
Qh4+ 22. Kd2 Bc6 23. Rg4 Qe7 24. fxe4 Rb2 25. Rb1 Rxa2 26. Nxd5 Bxd5 27. exd5
Nf6 28. Rb8+ Rf8 29. Rxf8+ Qxf8 30. Rf4 Kh8 31. Qxc4 Ne4+ 32. Rxe4 Qf2+ 33. Qe2
Rxc2+ 34. Kxc2 Qxe2+ 35. Kb3 Qb5+ 36. Kc2 Qe2+ 37. Kb3 Qb5+ 1/2-1/2

[Event "DVM U12 2013"]
[Site "Lichtenfels-Schney GER"]
[Date "2013.12.27"]
[Round "1"]
[White "Hüls, Maximilian"]
[Black "Plato, Laurenz"]
[Result "1-0"]
[Termination "normal"]
[Board "5.2"]
[WhiteElo "1609"]
[BlackElo "1402"]
[WhiteTeam "Treptower SV 1949"]
[BlackTeam "Spvg Zabo-Eintracht Nürnberg"]
[WhiteFideId "12949698"]
[EventCountry "GER"]
[EventRounds "7"]
[EventType "team-swiss"]
[EventDate "2013.12.26"]

1. e4 d5 2. exd5 Qxd5 3. Nc3 Qa5 4. d4 Nf6 5. Bd2 Qb6 6. Nf3 Bg4 7. Be2 Nbd7 8.
b3 c6 9. Be3 e6 10. a3 a5 11. Na4 Qa7 12. Ne5 Bxe2 13. Qxe2 b5 14. Nc3 b4 15.
axb4 Bxb4 16. Qd3 Nd5 17. Bd2 c5 18. Nxd5 exd5 19. Bxb4 cxb4 20. Nc6 Qb6 21.
Qe3+ Ne5 22. Nxe5 O-O-O 23. O-O Rhf8 24. c3 Qf6 25. Nd3 Rde8 26. Qh3+ Qe6 27.
Qxe6+ Rxe6 28. cxb4 Rfe8 29. bxa5 Re4 30. Ra4 Kb8 31. Nc5 Re2 32. a6 R8e7 33.
b4 Ka7 34. Ra5 h5 35. Na4 R2e4 36. b5 Rxd4 37. b6+ Kb8 38. a7+ Ka8 39. Nc5 Rb4
40. b7+ Rexb7 41. Nxb7 Rxb7 42. h3 g5 43. Re1 Rxa7 44. Rxa7+ Kxa7 45. Rd1 Kb6
46. Rxd5 Kc6 47. Rf5 g4 48. Rxf7 Kd5 49. hxg4 hxg4 50. Rg7 g3 51. Rxg3 Ke4 52.
Rf3 Ke5 53. g3 Ke4 54. Kg2 Ke5 55. g4 Ke4 56. g5 Ke5 57. g6 Ke6 58. g7 Ke7 59.
g8=Q Kd7 60. Re3 Kd6 61. Qd8+ Kc5 62. Rc3+ Kb4 63. Qd3 Ka4 64. Qb1 1-0

[Event "DVM U12 2013"]
[Site "Lichtenfels-Schney GER"]
[Date "2013.12.27"]
[Round "1"]
[White "Hildermann, Christopher"]
[Black "Stockter, Jasper Enno"]
[Result "0-1"]
[Termination "normal"]
[Board "5.3"]
[WhiteElo "1028"]
[BlackElo "1337"]
[WhiteTeam "Spvg Zabo-Eintracht Nürnberg"]
[BlackTeam "Treptower SV 1949"]
[BlackFideId "12957291"]
[EventCountry "GER"]
[EventRounds "7"]
[EventType "team-swiss"]
[EventDate "2013.12.26"]

1. b4 d5 2. Bb2 f6 3. e3 e5 4. b5 c6 5. a4 a6 6. d4 axb5 7. axb5 Rxa1 8. Bxa1
e4 9. f3 exf3 10. Nxf3 Bd7 11. Nc3 Qa5 12. bxc6 Nxc6 13. Be2 Bb4 14. O-O Bxc3
15. Bxc3 Qxc3 16. Qc1 Nge7 17. Kf2 Bf5 18. Qb1 O-O 19. Qxb7 Qxc2 20. Ne1 Qe4
21. Nf3 Bg4 22. h3 Bxf3 23. gxf3 Qh4+ 24. Kg2 Nf5 25. Rg1 Nxe3+ 26. Kh1 Qxh3#
0-1

[Event "DVM U12 2013"]
[Site "Lichtenfels-Schney GER"]
[Date "2013.12.27"]
[Round "1"]
[White "Bahro, Tom"]
[Black "Hildermann, Richard"]
[Result "0-1"]
[Termination "normal"]
[Board "5.4"]
[WhiteElo "1028"]
[BlackElo "983"]
[WhiteTeam "Treptower SV 1949"]
[BlackTeam "Spvg Zabo-Eintracht Nürnberg"]
[WhiteFideId "12957208"]
[EventCountry "GER"]
[EventRounds "7"]
[EventType "team-swiss"]
[EventDate "2013.12.26"]

1. e4 e5 2. Nf3 Nc6 3. Nc3 Nf6 4. d4 exd4 5. Nxd4 Ne5 6. Bg5 h6 7. Bh4 c6 8.
Qe2 Bc5 9. O-O-O O-O 10. Nf3 Qe7 11. Kb1 d6 12. h3 Be6 13. Nxe5 dxe5 14. Qf3
Rfd8 15. Bd3 b5 16. g4 Bc4 17. Bxc4 bxc4 18. Qg3 Rxd1+ 19. Rxd1 g5 20. Bxg5
hxg5 21. h4 gxh4 22. Qxh4 Nh7 23. Qh6 Qf6 24. Qh5 Qg5 25. Qh3 Bxf2 26. Rh1 Qg6
27. b4 a6 28. a4 Rb8 29. b5 Bd4 30. Kb2 Bxc3+ 31. Qxc3 axb5 32. axb5 Rxb5+ 33.
Ka2 Qxe4 34. Qd2 Qxh1 0-1

[Event "DVM U12 2013"]
[Site "Lichtenfels-Schney GER"]
[Date "2013.12.27"]
[Round "1"]
[White "Wiesner, Alexander"]
[Black "Daoud, Marcel"]
[Result "1-0"]
[Termination "normal"]
[Board "6.1"]
[WhiteElo "1728"]
[BlackElo "1638"]
[WhiteTeam "Karlsruher SF 1853"]
[BlackTeam "SK Freising"]
[WhiteFideId "12943991"]
[BlackFideId "12994774"]
[EventCountry "GER"]
[EventRounds "7"]
[EventType "team-swiss"]
[EventDate "2013.12.26"]

1. e4 e6 2. d4 d5 3. Nc3 dxe4 4. Nxe4 Bd7 5. Nf3 Bc6 6. Ng3 Nd7 7. c3 Ngf6 8.
Bd3 Be7 9. O-O O-O 10. Re1 Bxf3 11. Qxf3 c6 12. Bd2 Qc7 13. c4 Nb6 14. Bc3 Rfe8
15. b3 a5 16. Ne4 Nbd7 17. Ng3 Nf8 18. Bc2 Ng6 19. Rac1 Rad8 20. Ne4 Nxe4 21.
Bxe4 Bf6 22. Rcd1 Rd7 23. Qh5 Nf8 24. Bxa5 b6 25. Bb4 g6 26. Qf3 Be7 27. Bxe7
Rdxe7 28. Bxc6 Rd8 29. d5 exd5 30. cxd5 Rxe1+ 31. Rxe1 Qd6 32. Qg4 Nd7 33. Bxd7
Rxd7 34. Qd4 Rd8 35. Rd1 Ra8 36. a4 f6 37. h3 Kf7 38. Qc4 Ra5 39. Qe4 b5 40.
axb5 Rxb5 41. Qc4 Rc5 42. Qb4 g5 43. Qe4 Kg7 44. g3 h5 45. b4 Rc3 46. Kg2 Rb3
47. Rd4 Rb2 48. Qe6 Qxe6 49. dxe6 Kf8 50. Re4 Ke7 51. h4 gxh4 52. gxh4 Rb3 53.
f3 f5 54. Re5 Rxb4 55. Kg3 f4+ 56. Kh3 Rb6 57. Rxh5 Rxe6 58. Rf5 1-0

[Event "DVM U12 2013"]
[Site "Lichtenfels-Schney GER"]
[Date "2013.12.27"]
[Round "1"]
[White "Wachtel, Arthur"]
[Black "Koll, Lukas"]
[Result "1-0"]
[Termination "normal"]
[Board "6.2"]
[WhiteElo "1434"]
[BlackElo "1602"]
[WhiteTeam "SK Freising"]
[BlackTeam "Karlsruher SF 1853"]
[WhiteFideId "12988510"]
[BlackFideId "12969737"]
[EventCountry "GER"]
[EventRounds "7"]
[EventType "team-swiss"]
[EventDate "2013.12.26"]

1. e4 e5 2. Nf3 Nc6 3. Bc4 Bc5 4. c3 Nf6 5. d3 h6 6. Nbd2 d6 7. Bb3 Be6 8. Bc2
Bb6 9. Nf1 Ne7 10. Ng3 Ng6 11. O-O O-O 12. Be3 Qd7 13. Qc1 Nh7 14. d4 Bg4 15.
Bd1 Bxf3 16. Bxf3 exd4 17. cxd4 c6 18. Nh5 f5 19. exf5 Qxf5 20. Ng3 Qd7 21. Be4
Rf6 22. Qc2 Ngf8 23. Nh5 Rf7 24. d5 Bxe3 25. fxe3 Rxf1+ 26. Rxf1 Qg4 27. dxc6
Qxh5 28. cxb7 Rb8 29. Qc8 Qe8 30. Rc1 Qxe4 31. Rc7 Qxe3+ 32. Kf1 Qd3+ 33. Ke1
Qe3+ 34. Kf1 Qf4+ 35. Kg1 Qb4 36. Kf1 Qxb7 37. Qxb7 Rxb7 38. Rxb7 Nf6 39. Rxa7
Ne6 40. b4 Nd5 41. b5 Nd4 42. a4 Nb3 43. a5 1-0

[Event "DVM U12 2013"]
[Site "Lichtenfels-Schney GER"]
[Date "2013.12.27"]
[Round "1"]
[White "Koll, Linus"]
[Black "Oelmaier, Manuel"]
[Result "1/2-1/2"]
[Termination "normal"]
[Board "6.3"]
[WhiteElo "1210"]
[BlackElo "1114"]
[WhiteTeam "Karlsruher SF 1853"]
[BlackTeam "SK Freising"]
[WhiteFideId "12990299"]
[EventCountry "GER"]
[EventRounds "7"]
[EventType "team-swiss"]
[EventDate "2013.12.26"]

1. e4 e6 2. d4 d5 3. exd5 exd5 4. c4 Nf6 5. Bg5 Nbd7 6. cxd5 h6 7. Bh4 Be7 8.
Bxf6 Nxf6 9. Bc4 Nxd5 10. Qh5 Be6 11. Qf3 c6 12. a3 O-O 13. Ne2 Nf6 14. Bxe6
fxe6 15. Qb3 Qd7 16. O-O c5 17. Nf4 Nd5 18. Ng6 Rfb8 19. Nc3 Nxc3 20. Qxc3 {
Nicht weiter rekonstruierbar} 1/2-1/2

[Event "DVM U12 2013"]
[Site "Lichtenfels-Schney GER"]
[Date "2013.12.27"]
[Round "1"]
[White "Seidenberger, Florian"]
[Black "Chernykh, Arkady"]
[Result "1-0"]
[Termination "normal"]
[Board "6.4"]
[WhiteElo "810"]
[BlackElo "1205"]
[WhiteTeam "SK Freising"]
[BlackTeam "Karlsruher SF 1853"]
[BlackFideId "12989436"]
[EventCountry "GER"]
[EventRounds "7"]
[EventType "team-swiss"]
[EventDate "2013.12.26"]

1. d4 d5 2. c4 c6 3. Nc3 e6 4. Bf4 Nf6 5. e3 Nbd7 6. c5 b6 7. b4 a5 8. a3 b5 9.
Nf3 Bb7 10. Bd3 g6 11. O-O Bg7 12. Bd6 Ng8 13. Qc2 Ne7 14. Rfe1 Nc8 15. Bf4 O-O
16. Bg5 Ne7 17. Bf4 Re8 18. h3 f6 19. e4 e5 20. dxe5 fxe5 21. Be3 d4 22. Ng5
dxe3 23. Ne6 exf2+ 24. Kxf2 Qc8 25. Nxg7 Kxg7 26. Rad1 Rf8+ 27. Kg1 Nf6 28. Be2
Rd8 29. Rd6 Rxd6 30. cxd6 Neg8 31. Rd1 Qd7 32. Qd2 Ne8 33. Bg4 Qd8 34. d7 Nef6
35. Be6 Qb6+ 36. Kh2 Rd8 37. Qd6 Nxd7 38. Bxd7 axb4 39. Qxe5+ Nf6 40. axb4 Rf8
41. Qe7+ Rf7 42. Qe6 Nxd7 43. Rxd7 Rxd7 44. Qxd7+ Kg8 45. e5 c5 46. e6 Qc6 47.
Qf7+ Kh8 48. Qf8# 1-0